Content joint venture business plan / (Record no. 4136)

MARC details
000 -LEADER
fixed length control field 00728nam a2200241 ar4500
001 - CONTROL NUMBER
control field 4138
005 - DATE AND TIME OF LATEST TRANSACTION
control field 20221127090900.0
006 - FIXED-LENGTH DATA ELEMENTS--ADDITIONAL MATERIAL CHARACTERISTICS
fixed length control field a a 000 0
008 - FIXED-LENGTH DATA ELEMENTS--GENERAL INFORMATION
fixed length control field 150312 su a 000 0|eng d
090 ## - LOCALLY ASSIGNED LC-TYPE CALL NUMBER (OCLC); LOCAL CALL NUMBER (RLIN)
Classification number (OCLC) (R) ; Classification number, CALL (RLIN) (NR) SP-C
100 1# - MAIN ENTRY--PERSONAL NAME
Personal name Al Shahrani, Ahmad Hussain.
245 10 - TITLE STATEMENT
Title Content joint venture business plan /
Statement of responsibility, etc. by Ahmad Hussain Al Shahrani.
260 ## - PUBLICATION, DISTRIBUTION, ETC.
Date of publication, distribution, etc. 2011.
300 ## - PHYSICAL DESCRIPTION
Extent 67 p. :
Other physical details ill. ;
Dimensions 30 cm.
500 ## - GENERAL NOTE
General note Supervisor: Dr. Christoph Mergard.
500 ## - GENERAL NOTE
General note Student project.
504 ## - BIBLIOGRAPHY, ETC. NOTE
Bibliography, etc. note Includes bibl. references.
526 ## - STUDY PROGRAM INFORMATION NOTE
Program name Student project.
563 ## - BINDING INFORMATION
Binding note Spiral binding.
650 #4 - SUBJECT ADDED ENTRY--TOPICAL TERM
Topical term or geographic name entry element Joint ventures
Geographic subdivision Saudi Arabia.
650 #4 - SUBJECT ADDED ENTRY--TOPICAL TERM
Topical term or geographic name entry element Business enterprises
Geographic subdivision Saudi Arabia.
650 #4 - SUBJECT ADDED ENTRY--TOPICAL TERM
Topical term or geographic name entry element Partnership
Geographic subdivision Saudi Arabia.

No items available.